| 000 | 00605nam a2200145Ia 4500 | ||
|---|---|---|---|
| 008 | 260210s9999 xx 000 0 und d | ||
| 024 | _a10B-027-CE, 10B-012-CE, 10B-016-CE & 10B-015-CE | ||
| 082 | _a629.895072 KHA | ||
| 100 | _aMuhammad Humza Khan, Tahira Reem Yaseen, Khadija Iqbal & Badar Anwar | ||
| 245 | 0 | _aMulti Microcontroller Development Board | |
| 260 |
_aKarachi: _bUITU, _c2010 |
||
| 600 | _aComputer System Engineering | ||
| 650 | _aBachelor of Engineering (BE) | ||
| 856 |
_uhttps://drive.google.com/file/d/1MeFPJ09eWpLohHOGBtD1gaJUirnG3-Dr/view?usp=share_link _yClick here for PDF |
||
| 999 |
_c32759 _d32759 |
||